|
|
|
|
| LEADER |
00000nam0a2200000 4500 |
| 001 |
97719 |
| 005 |
20231101214138.0 |
| 035 |
|
|
|a (RuTPU)RU\TPU\book\104754
|
| 090 |
|
|
|a 97719
|
| 100 |
|
|
|a 20060603d1948 m y0rusy50 ca
|
| 101 |
0 |
|
|a rus
|
| 102 |
|
|
|a RU
|
| 105 |
|
|
|a y z 011zd
|
| 200 |
1 |
|
|a Астрономия в СССР за 30 лет. 1917-1947
|e сборник статей
|f под ред. М. С. Зверева, П. П. Паренаго, А. Б. Северного
|
| 210 |
|
|
|a Москва
|a Ленинград
|c ОГИЗ
|d 1948
|
| 215 |
|
|
|a 292 с.
|
| 320 |
|
|
|a Библиогр.: с. 203-288.
|
| 320 |
|
|
|a Список сокращенных обозначений изданий: с. 288-289.
|
| 320 |
|
|
|a Именной указатель: с. 290-292.
|
| 606 |
|
|
|a Астрономия
|2 stltpush
|3 (RuTPU)RU\TPU\subj\29567
|9 52865
|
| 610 |
1 |
|
|a история
|
| 610 |
1 |
|
|a СССР
|
| 610 |
1 |
|
|a 20 век
|
| 610 |
1 |
|
|a фотографическая астрометрия
|
| 610 |
1 |
|
|a фундаментальная астрометрия
|
| 610 |
1 |
|
|a Луна
|
| 610 |
1 |
|
|a планеты
|
| 610 |
1 |
|
|a кометы
|
| 610 |
1 |
|
|a метеоры
|
| 610 |
1 |
|
|a Солнце
|
| 610 |
1 |
|
|a звездные атмосферы
|
| 610 |
1 |
|
|a физика
|
| 610 |
1 |
|
|a звездная астрономия
|
| 610 |
1 |
|
|a переменные звезды
|
| 610 |
1 |
|
|a газовые туманности
|
| 610 |
1 |
|
|a нестационарные звезды
|
| 610 |
1 |
|
|a внутреннее строение
|
| 610 |
1 |
|
|a космогония
|
| 610 |
1 |
|
|a космология
|
| 675 |
|
|
|a 52(09)
|v 3
|
| 702 |
|
1 |
|a Зверев
|b М. С.
|4 340
|
| 702 |
|
1 |
|a Паренаго
|b П. П.
|4 340
|
| 702 |
|
1 |
|a Северный
|b А. Б.
|4 340
|
| 801 |
|
1 |
|a RU
|b 63413507
|c 20060603
|g PSBO
|
| 801 |
|
2 |
|a RU
|b 63413507
|c 20180213
|g PSBO
|
| 942 |
|
|
|c BK
|